| 000 | 00559cam a2200193 a 4500 | ||
|---|---|---|---|
| 001 | 3975536 | ||
| 005 | 20231205002226.0 | ||
| 008 | 940512s1994 ii b 000 0 eng | ||
| 040 |
_aDLC _cDLC |
||
| 082 |
_222 _a305.4. |
||
| 245 | 0 | 0 |
_aBetween spaces of silence, women creative writers / _cedited by Kamini Dinesh. |
| 260 |
_aNew Delhi : _bSterling Publishers, _c1994. |
||
| 300 | _a165 p. ; | ||
| 650 | 0 | _aIndic literature (English) | |
| 650 | 0 | _aIndic literature (English) | |
| 650 | 0 | _aWomen and literature | |
| 700 | 1 |
_aDinesh, Kamini. _eedt |
|
| 942 | _cL | ||
| 999 |
_c140 _d140 |
||